000 01106cam a22003377a 4500
003 CHAP
005 20220329134135.0
008 971013s1971 r 00010 d
010 _a16027
011 _a16999
035 _a21081
040 _cCHAP
090 _aTesis
100 0 0 _aGuillén Osorio, Agustín Rafael.
_951398
245 1 3 _aUn algoritmo de construcción de la función de distribución F-multivariada
260 _aChapingo, Méx., :
_bEl autor,
_c1971
300 _a116 h
502 _aTesis (M.C. Esp. en Estadística) -- ENA. Colegio de Postgraduados
590 _aALEPH
_b10
_c20130110
_lUCH01
_h1238
590 _aBATCH-UPD
_b10
_c20130110
_lUCH01
_h1625
590 _aBATCH-UPD
_b10
_c20130410
_lUCH01
_h1019
590 _aBATCH-UPD
_b10
_c20130914
_lUCH01
_h1325
590 _aCONVERSION
_b10
_c20130109
_lUCH01
_h1310
650 1 4 _aEstadística matemática.
_938261
650 1 4 _aFunciones.
_943959
901 _aBK
942 _cFOLL
949 _bBC
_cTES
_d-49152
_eTS1
_i21081
_si
949 _bBC
_cTES
_d-49153
_eTS2
_fc.2
_i21081
_si
949 _bBC
_cTES
_d-49154
_eTS2
_fc.3
_i21081
_si
999 _c16027
_d16027